|
|
|
|
| LEADER |
00000nam0a2200000 4500 |
| 001 |
220095 |
| 005 |
20231101230316.0 |
| 010 |
|
|
|a 5703501369
|
| 020 |
|
|
|a RU
|b 82-26766
|
| 035 |
|
|
|a (RuTPU)RU\TPU\book\240209
|
| 090 |
|
|
|a 220095
|
| 100 |
|
|
|a 20120813d1989 m y0rusy5003 ca
|
| 101 |
0 |
|
|a rus
|
| 102 |
|
|
|a RU
|
| 105 |
|
|
|a y j 001zy
|
| 200 |
1 |
|
|a Технология производства двигателей летательных аппаратов
|e учебное пособие
|f М. М. Демин, М. В. Зверев, А. Н. Никитин
|g Московский авиационный институт (МАИ)
|
| 210 |
|
|
|a Москва
|c Изд-во МАИ
|d 1989
|
| 215 |
|
|
|a 68 с.
|
| 606 |
1 |
|
|a Авиационные двигатели
|x Производство
|2 stltpush
|3 (RuTPU)RU\TPU\subj\225
|9 29219
|
| 610 |
1 |
|
|a летательные аппараты
|
| 610 |
1 |
|
|a конструкторско-технологический анализ
|
| 610 |
1 |
|
|a рабочие чертежи
|
| 610 |
1 |
|
|a проектирование
|
| 610 |
1 |
|
|a технологическая документация
|
| 610 |
1 |
|
|a станки с ЧПУ
|
| 610 |
1 |
|
|a специальные приспособления
|
| 610 |
1 |
|
|a детали
|
| 610 |
1 |
|
|a учебные пособия
|
| 675 |
|
|
|a 621.431.75.002(075.8)
|v 3
|
| 701 |
|
1 |
|a Демин
|b М. М.
|g Михаил Михайлович
|
| 701 |
|
1 |
|a Зверев
|b М. В.
|g Михаил Владимирович
|
| 701 |
|
1 |
|a Никитин
|b А. Н.
|g Александр Никитич
|
| 712 |
0 |
2 |
|a Московский авиационный институт (МАИ)
|2 stltpush
|3 (RuTPU)RU\TPU\col\3642
|
| 801 |
|
0 |
|a RU
|b RuMRKP
|c 19950704
|g psbo
|
| 801 |
|
1 |
|a RU
|b 63413507
|c 20120813
|
| 801 |
|
2 |
|a RU
|b 63413507
|c 20190621
|g RCR
|
| 942 |
|
|
|c BK
|